Sports Quiz

Random Sports or MLB Quiz
Score 0/95 Timer 15:00
0 Plays Today
Wins Pitcher % Correct
35Roger Clemens
90.2%
72Andy Pettitte
88.2%
26CC Sabathia
84%
49Mike Mussina
73.9%
20David Cone
70.4%
25David Wells
70.1%
13Randy Johnson
69.8%
11Joba Chamberlain
57.1%
13Phil Hughes
54.9%
15A.J. Burnett
50.3%
32Orlando Hernandez
49.2%
12David Robertson
42.9%
11Ivan Nova
42.2%
9Kevin Brown
41.5%
24Chien-Ming Wang
38.4%
8Hiroki Kuroda
35%
5Hideki Irabu
31.4%
11Jeff Nelson
29.1%
5Carl Pavano
28.9%
3Bartolo Colon
28.4%
17Mike Stanton
28.2%
5Freddy Garcia
26%
1Todd Williams
25.5%
1Ian Kennedy
24.7%
15Javier Vazquez
24.6%
8Dwight Gooden
24.5%
3Rafael Soriano
24.4%
23Ramiro Mendoza
23.8%
10Tom Gordon
20.8%
2Al Leiter
19.5%
3Kenny Rogers
19.5%
8Jaret Wright
18.9%
Wins Pitcher % Correct
3Jeff Weaver
17.8%
8Boone Logan
17.6%
5Jose Contreras
16.5%
2David Phelps
15.6%
2Gabe White
15.4%
4Phil Coke
15.3%
1Graeme Lloyd
15%
4Kyle Farnsworth
14.9%
2Edwar Ramirez
14.9%
1Kei Igawa
14.8%
4Aaron Small
14.8%
1Jason Anderson
14.6%
5Ted Lilly
13.9%
6Scott Proctor
13.3%
1Kerry Wood
13%
5Jon Lieber
12.8%
3Shawn Chacon
12.4%
6Alfredo Aceves
12.2%
3Sterling Hitchcock
11.6%
2Mike Myers
11.4%
6Paul Quantrill
11.2%
3Denny Neagle
11.1%
2Adam Warren
10.9%
7Tanyon Sturtze
10.4%
2Damaso Marte
10.3%
2Sidney Ponson
10.3%
1Chan Ho Park
10%
1Esteban Loaiza
9.6%
2Tyler Clippard
8.4%
3Steve Karsay
8.1%
6Brian Bruney
7.9%
2Sergio Mitre
7.7%
Wins Pitcher % Correct
3Shawn Kelley
7.6%
2Randy Choate
7.2%
1Armando Benitez
7%
2David Huff
6.9%
5Jason Grimsley
6.8%
4Cory Wade
6.5%
2Jose Veras
6.1%
2Darrell Rasner
6.1%
1Chad Gaudin
5.9%
1Bob Wickman
5.9%
1Ron Villone
5.4%
3Allen Watson
5.2%
1Clay Rapada
5.2%
1Brian Boehringer
4.9%
1Ross Ohlendorf
4.8%
3Luis Vizcaino
4.5%
1Jonathan Albaladejo
4.3%
1Antonio Osuna
4.3%
1Luis Ayala
4.2%
2Jay Witasick
4.1%
1Brandon Claussen
3.6%
2Willie Banks
3.6%
2Aaron Laffey
3.5%
1Randy Keisler
3.3%
1T.J. Beam
3.2%
1C.J. Nitkowski
3.2%
1Bret Prinz
3.2%
1Dan Giese
3.1%
1Ryan Bradley
3%
2Donovan Osborne
3%
1Dan Naulty
2.8%
Remove Ads.
Support Sporcle.
Get the best of Sporcle when you Go Orange. This ad-free experience offers more features, more stats, and more fun while also helping to support Sporcle. Thank you for becoming a member.

You're not logged in!

Compare scores with friends on all Sporcle quizzes.
OR
Log In

Show Comments

Extras

Top Quizzes Today


Score Distribution

Your Account Isn't Verified!

In order to create a playlist on Sporcle, you need to verify the email address you used during registration. Go to your Sporcle Settings to finish the process.

Report this User

Report this user for behavior that violates our Community Guidelines.

Details: